[Event "35 Masters 2011"]
[Site "Rennes"]
[Date "2011.06.13"]
[Round "5.10"]
[White "Stievenard, Hugo"]
[Black "Vandomel, Fabrice"]
[Result "0-1"]
[WhiteElo "1720"]
[BlackElo "1841"]
[PlyCount "78"]
[EventDate "2011.??.??"]

1. e4 e6 2. d4 d5 3. exd5 exd5 4. c4 Bb4+ 5. Nc3 Ne7 6. Nf3 Bg4 7. Bd3 dxc4 8.
Bxc4 O-O 9. O-O Nbc6 10. Be3 Nf5 11. Be2 Re8 12. Qd3 Nxe3 13. fxe3 Bxc3 14.
bxc3 Qe7 15. e4 Qxe4 16. Ng5 Qxd3 17. Bxd3 h6 18. Nxf7 Be2 19. Bxe2 Rxe2 20.
Rf3 Rae8 21. h3 Re1+ 22. Rxe1 Rxe1+ 23. Kh2 Re7 24. d5 Rxf7 25. dxc6 Rxf3 26.
gxf3 b5 27. Kg3 {(=)} Kf7 28. Kf4 Ke6 29. Ke4 a5 30. a3 g5 31. Kd4 Kd6 32. Ke4
Kxc6 33. Kd4 Kd6 34. Ke3 Kd5 35. Kd3 c5 36. Kd2 Kc4 37. Kc2 b4 38. cxb4 cxb4
39. axb4 axb4 0-1

[Event "35 Masters 2011"]
[Site "Rennes"]
[Date "2011.06.13"]
[Round "5.11"]
[White "Collet, Davy"]
[Black "Charpentier, Maxime"]
[Result "1-0"]
[WhiteElo "1796"]
[BlackElo "1824"]
[PlyCount "55"]
[EventDate "2011.??.??"]

1. e4 d5 2. exd5 Nf6 3. d4 Nxd5 4. Nf3 Nc6 5. c4 Nb6 6. Nc3 Bg4 7. Be3 Bxf3 8.
Qxf3 Nxd4 9. Bxd4 Qxd4 10. Qxb7 Qe5+ 11. Be2 e6 12. Qc6+ Kd8 13. O-O-O+ Bd6 14.
c5 Ke7 15. cxd6+ cxd6 16. Qc7+ Nd7 17. Bb5 Rhd8 18. Bxd7 Rxd7 19. Qc6 Rb8 20.
Rhe1 Qf4+ 21. Kc2 Qxf2+ 22. Re2 Qf5+ 23. Qe4 Qa5 24. Qxh7 Rc7 25. Qxg7 Qxa2 26.
Kd3 Qc4+ 27. Ke3 Qf4+ 28. Kxf4 1-0

[Event "35 Masters 2011"]
[Site "Rennes"]
[Date "2011.06.13"]
[Round "5.12"]
[White "Perez, Javier"]
[Black "Henry, Solenne"]
[Result "0-1"]
[WhiteElo "1870"]
[BlackElo "1707"]
[PlyCount "106"]
[EventDate "2011.??.??"]

1. d4 d5 2. c4 e6 3. Nc3 Be7 4. cxd5 exd5 5. Bf4 Be6 6. Qb3 Nc6 7. e3 Na5 8.
Qc2 a6 9. Bd3 Nf6 10. Nge2 O-O 11. O-O b6 12. Be5 h6 13. e4 Nc6 14. Bxf6 Bxf6
15. e5 Nb4 16. Qd2 Be7 17. f4 Nxd3 18. Qxd3 f5 19. Qh3 c5 20. Kh1 Kh7 21. Qd3
g6 22. Rad1 c4 23. Qd2 b5 24. a3 Qb6 25. Na2 a5 26. Ra1 b4 27. Rfb1 Bd7 28.
axb4 axb4 29. Qe3 Ra5 30. e6 Bc6 31. g4 fxg4 32. f5 Rxf5 33. Rf1 Bb7 34. Rxf5
gxf5 35. Qe5 Bc8 36. Qxf5+ Kh8 37. Qe5+ Kg8 38. Nf4 b3 39. Ng6 Qxe6 40. Qxe6+
Bxe6 41. Nxe7+ Kg7 42. Nc6 Rxa2 43. Re1 Kf6 44. Nd8 Bf5 45. Nc6 Be4+ 46. Kg1
Rxb2 47. Rf1+ Kg5 48. Ne5 Rg2+ 49. Kh1 Rf2+ 50. Kg1 Rxf1+ 51. Kxf1 b2 52. h4+
Kxh4 53. Kf2 b1=Q 0-1

[Event "35 Masters 2011"]
[Site "Rennes"]
[Date "2011.06.13"]
[Round "6.1"]
[White "Maulana, Kahfi"]
[Black "Theon, Pierre"]
[Result "1/2-1/2"]
[WhiteElo "1917"]
[BlackElo "2103"]
[PlyCount "71"]

1. e4 c5 2. Nf3 g6 3. d3 Bg7 4. c3 Nc6 5. g3 e5 6. Bg2 Nge7 7. O-O O-O 8. Be3
b6 9. d4 exd4 10. cxd4 d5 11. exd5 Nxd5 12. Bg5 f6 13. Bc1 Ba6 14. Re1 Ndb4 15.
Na3 c4 16. Qe2 Re8 17. Qxe8+ Qxe8 18. Rxe8+ Rxe8 19. Be3 Nd3 20. Nd2 Na5 21.
Bd5+ Kf8 22. Ndxc4 Nb4 23. Nxa5 Nxd5 24. N5c4 b5 25. Nd6 Re6 26. Ndxb5 Rb6 27.
Nc3 Nxe3 28. fxe3 Rxb2 29. Rb1 Rd2 30. Rb8+ Kf7 31. Ra8 Bd3 32. Rxa7+ Kg8 33.
Nab5 Bh6 34. Ra8+ Kf7 35. Ra7+ Kf8 36. Ra8+ 1/2-1/2

[Event "35 Masters 2011"]
[Site "Rennes"]
[Date "2011.06.13"]
[Round "6.2"]
[White "Louis, Corentin"]
[Black "Aubry, Yannis"]
[Result "1-0"]
[WhiteElo "1946"]
[BlackElo "2055"]
[PlyCount "62"]

1. e4 e6 2. d4 d5 3. Nd2 Nf6 4. e5 Nfd7 5. Bd3 c5 6. c3 Nc6 7. Ngf3 cxd4 8.
cxd4 Qb6 9. O-O Nxd4 10. Nxd4 Qxd4 11. Nf3 Qb6 12. Qa4 Qb4 13. Qc2 h6 14. Be3
Be7 15. h3 Qa5 16. a3 O-O 17. b4 Qd8 18. Qd2 f6 19. exf6 Bxf6 20. Rac1 Rf7 21.
Bg6 Re7 22. Bf4 Nf8 23. Be4 b6 24. Ne5 Bb7 25. Rfd1 Qe8 26. Bc2 Rd8 27. Ng6 h5
28. Ne5 g5 29. Bh2 Rg7 30. Re1 g4 31. Qh6 Bg5 1-0

[Event "35 Masters 2011"]
[Site "Rennes"]
[Date "2011.06.13"]
[Round "6.3"]
[White "Castel, Efflam"]
[Black "Alanic, Xavier"]
[Result "0-1"]
[WhiteElo "1922"]
[BlackElo "2287"]
[PlyCount "56"]

1. d4 g6 2. c4 Nf6 3. Nc3 Bg7 4. e4 d6 5. Bd3 e5 6. Nge2 exd4 7. Nxd4 O-O 8.
O-O Nbd7 9. Be3 Nc5 10. f3 a5 11. b3 Re8 12. Qc2 Nh5 13. Nde2 f5 14. Bxc5 dxc5
15. exf5 Rxe2 16. Nxe2 Bxa1 17. Rxa1 Qf6 18. Rd1 gxf5 19. Ng3 {(=)} Ng7 20. Re1
Be6 21. f4 Qd4+ 22. Kh1 Rf8 23. Ne2 {(=)} Qe3 24. Qc3 Rd8 25. Bb1 Qf2 26. Qxa5
Bd7 27. Qc3 Bc6 28. Qg3 Bxg2+ 0-1

[Event "35 Masters 2011"]
[Site "Rennes"]
[Date "2011.06.13"]
[Round "6.4"]
[White "Busnel, Laurent"]
[Black "Wirth, Thierry"]
[Result "0-1"]
[WhiteElo "1913"]
[BlackElo "1897"]
[PlyCount "81"]

1. e4 e6 2. d4 d5 3. exd5 exd5 4. c4 Nf6 5. Nc3 c6 6. Bd3 Be6 7. c5 b6 8. cxb6
Qxb6 9. Nge2 Bd6 10. O-O Bg4 11. h3 Bh5 12. Re1 O-O 13. Bg5 Nbd7 14. Na4 Qa5
15. a3 Ne4 16. b4 Qc7 17. Be3 f5 18. Rc1 f4 19. Bxe4 dxe4 20. Bd2 f3 21. Qb3+
Bf7 22. Qc2 fxe2 23. Qxc6 Rac8 24. Qa6 Bc4 25. Rxc4 Bh2+ 26. Kh1 Qxc4 27. Qxc4+
Rxc4 28. Kxh2 Rxd4 29. Rxe2 Rd3 30. Bc1 h6 31. Bb2 Re8 32. g3 Kf7 33. Kg2 g5
34. Kf1 h5 35. Kg2 g4 36. hxg4 hxg4 37. Kf1 Kg6 38. Kg2 Kf5 39. Bc1 Rd8 40. Be3
Rh8 41. Rd2 0-1

[Event "35 Masters 2011"]
[Site "Rennes"]
[Date "2011.06.13"]
[Round "6.5"]
[White "Vandomel, Fabrice"]
[Black "Le Marec, Simon"]
[Result "0-1"]
[WhiteElo "1841"]
[BlackElo "2115"]
[PlyCount "54"]

1. f4 d5 2. Nf3 g6 3. e3 Bg7 4. Be2 Nh6 5. O-O O-O 6. c4 d4 7. exd4 Bxd4+ 8.
Nxd4 Qxd4+ 9. Kh1 c5 10. Nc3 Nc6 11. Nb5 Qd7 12. d3 b6 13. Qe1 Nf5 14. Nc3 Bb7
15. Nd5 Ncd4 16. Bg4 Bxd5 17. cxd5 Nc2 18. Qc3 Nxa1 19. b3 Nc2 20. Qxc2 Ng3+
21. hxg3 Qxg4 22. Rf3 Rad8 23. Qe2 Rfe8 24. f5 Rxd5 25. fxg6 hxg6 26. Qe3 Rh5+
27. Kg1 Qd4 0-1

[Event "35 Masters 2011"]
[Site "Rennes"]
[Date "2011.06.13"]
[Round "6.6"]
[White "Prioul, Jean"]
[Black "Ferret-Leger, Gaspard"]
[Result "1/2-1/2"]
[WhiteElo "1905"]
[BlackElo "1756"]
[Annotator "Aubry,Pascal"]
[PlyCount "77"]
[EventDate "2011.??.??"]

1. Nf3 Nf6 2. c4 b6 3. g3 c5 4. Bg2 Bb7 5. O-O e6 6. Nc3 Be7 7. Re1 d6 8. e4 a6
9. d4 cxd4 10. Nxd4 Qc7 11. Qe2 Nbd7 12. Be3 O-O 13. Rac1 Rac8 14. b3 Rfd8 15.
h3 Nc5 16. Bd2 Qb8 17. Kh2 Bf8 18. Bg5 Ncd7 19. Rc2 h6 20. Bc1 Ne5 21. f4 Nc6
22. Nf3 d5 23. e5 d4 24. Qf2 dxc3 25. exf6 Bc5 26. Be3 Nb4 27. Rxc3 Nd3 28.
Rxd3 {(=)} Rxd3 29. Bxc5 bxc5 30. Ne5 Rd6 31. fxg7 Bxg2 32. Qxg2 Kxg7 33. Qf3 {
(=)} Qc7 34. Re2 Rcd8 35. Qc3 f6 36. Ng4 Qf7 37. Qe3 h5 38. Nf2 Qc7 39. Ne4 {
(=)} 1/2-1/2

[Event "35 Masters 2011"]
[Site "Rennes"]
[Date "2011.06.13"]
[Round "6.7"]
[White "Bordais, Baptiste"]
[Black "Savary, Xavier"]
[Result "1-0"]
[WhiteElo "1780"]
[BlackElo "1875"]
[PlyCount "53"]

1. Nf3 d5 2. d4 Nf6 3. c4 e6 4. e3 Be7 5. Nc3 O-O 6. Bd3 dxc4 7. Bxc4 Nbd7 8.
O-O a6 9. a4 Nb6 10. Bd3 c5 11. Qc2 Nbd5 12. Nxd5 exd5 13. dxc5 Qc7 14. b4 Bg4
15. Nd4 Rac8 16. Bb2 Bh5 17. Bf5 Ng4 18. Nf3 Bg6 19. h3 Nh6 20. Bxg6 fxg6 21.
Qb3 Qd7 22. e4 Rxf3 23. Qxf3 dxe4 24. Qxe4 Nf5 25. Rfd1 Qe8 26. g4 Nh4 27. Re1
1-0

[Event "35 Masters 2011"]
[Site "Rennes"]
[Date "2011.06.13"]
[Round "6.8"]
[White "Collet, Davy"]
[Black "Fisson, Sebastien"]
[Result "1-0"]
[WhiteElo "1796"]
[BlackElo "1910"]
[PlyCount "88"]

1. e4 d6 2. d4 Nf6 3. Nc3 c6 4. a4 g6 5. Nf3 Bg7 6. h3 O-O 7. Be3 Nbd7 8. Be2
a6 9. O-O Rb8 10. a5 b6 11. axb6 Nxb6 12. Bxa6 Bxa6 13. Rxa6 Qc8 14. Qe2 Nfd7
15. b3 c5 16. Na4 c4 17. Nxb6 Nxb6 18. Rfa1 f5 19. exf5 gxf5 20. Qd2 cxb3 21.
cxb3 Nd5 22. Bh6 f4 23. Bxg7 Kxg7 24. R6a5 Qe6 25. Re1 Qg8 26. Qd3 Kh8 27. Qe4
Nc3 28. Qxe7 Rf7 29. Qxd6 h6 30. Qxh6+ Rh7 31. Qf6+ Qg7 32. Qxg7+ Rxg7 33. Rg5
Rxg5 34. Nxg5 Rxb3 35. Ne6 f3 36. gxf3 Nd5 37. Kg2 Nb4 38. Kg3 Rb2 39. Rd1 Nd5
40. Nf4 Nc3 41. Rd3 Nb1 42. d5 Nd2 43. Kg2 Nc4 44. d6 Rxf2+ 1-0

[Event "35 Masters 2011"]
[Site "Rennes"]
[Date "2011.06.13"]
[Round "6.9"]
[White "Dupitier, Mickael"]
[Black "Huard, Herve"]
[Result "1/2-1/2"]
[WhiteElo "1853"]
[BlackElo "1770"]
[PlyCount "95"]

1. d4 Nf6 2. Bf4 g6 3. e3 Bg7 4. Nf3 O-O 5. h3 d6 6. Be2 c5 7. O-O cxd4 8. exd4
Nd5 9. Bc1 Nc6 10. c4 Nc7 11. b3 d5 12. c5 Ne6 13. Bb2 Nxc5 14. Na3 a6 15. Qd2
Ne4 16. Qe3 Nd6 17. Nc2 Bf5 18. Nfe1 Re8 19. f4 Rc8 20. Bd3 Bxd3 21. Qxd3 e6
22. Nf3 f6 23. Rfe1 Ne4 24. Kh2 Bh6 25. g3 Qc7 26. Rxe4 dxe4 27. Qxe4 Ne5 28.
Nfe1 Nf7 29. Rc1 Qc6 30. Qd3 Nd6 31. Ba3 Bf8 32. Bb2 Qe4 33. Qd2 Nf5 34. Nd3
Qf3 35. Rg1 Bd6 36. Nce1 Qd5 37. Nc2 e5 38. Rf1 e4 39. Nde1 Bc5 40. g4 Nxd4 41.
Bxd4 Bxd4 42. Qxd4 Qxd4 43. Nxd4 Rcd8 44. Nec2 e3 45. Re1 Re4 46. Nf3 e2 47.
Kg3 Rd1 48. Kf2 1/2-1/2

[Event "35 Masters 2011"]
[Site "Rennes"]
[Date "2011.06.13"]
[Round "6.10"]
[White "Dugue, Benoit"]
[Black "Demellier, Antonin"]
[Result "0-1"]
[WhiteElo "1873"]
[BlackElo "1686"]
[PlyCount "72"]

1. f4 e5 2. fxe5 d6 3. exd6 Bxd6 4. Nf3 Nf6 5. c3 Bf5 6. d3 O-O 7. e4 Bg6 8.
Be2 Nbd7 9. Bg5 Re8 10. Nbd2 c6 11. Qb3 Qc7 12. O-O-O Nc5 13. Qc2 Ng4 14. Nh4
Nf2 15. Nxg6 fxg6 16. d4 Nd7 17. e5 Be7 18. Bxe7 Rxe7 19. Rhf1 Nxd1 20. Qxd1 c5
21. e6 Nb6 22. Nf3 Kh8 23. dxc5 Qxc5 24. Nd4 Rd8 25. Qb3 h5 26. Kb1 Qe5 27. Bc4
Qe4+ 28. Kc1 Rc7 29. Rf7 Nxc4 30. Qxc4 Rxc4 31. e7 Rdxd4 32. Rf8+ Kh7 33. e8=Q
Qxe8 34. Rxe8 Rd7 35. Kc2 Rf4 36. Re2 Rdf7 0-1

[Event "35 Masters 2011"]
[Site "Rennes"]
[Date "2011.06.13"]
[Round "6.11"]
[White "Henry, Solenne"]
[Black "Stievenard, Hugo"]
[Result "1-0"]
[WhiteElo "1707"]
[BlackElo "1720"]
[PlyCount "91"]

1. e4 c5 2. c3 e6 3. d4 d5 4. exd5 Qxd5 5. Nf3 a6 6. Be2 Nc6 7. c4 Qd8 8. d5
exd5 9. cxd5 Nce7 10. O-O Nxd5 11. Bc4 Ngf6 12. Bg5 Be7 13. Re1 O-O 14. Bxd5
Nxd5 15. Bxe7 Nxe7 16. Qxd8 Rxd8 17. Rxe7 Be6 18. Nc3 Rab8 19. Rc7 b6 20. a3
Ra8 21. Rd1 Rdc8 22. Rxc8+ Rxc8 23. Rd6 Rb8 24. Nd5 b5 25. Nc7 a5 26. Nxe6 fxe6
27. Rxe6 b4 28. a4 c4 29. Kf1 Kf7 30. Ng5+ Kg8 31. Rc6 c3 32. bxc3 b3 33. Nf3
b2 34. Nd2 b1=Q+ 35. Nxb1 Rxb1+ 36. Ke2 Ra1 37. Rc4 Ra3 38. h4 Kf7 39. g4 Kg6
40. Kd3 Ra2 41. f4 Rg2 42. f5+ Kf6 43. Re4 Rh2 44. c4 Rxh4 45. g5+ Kxg5 46.
Rxh4 1-0

[Event "35 Masters 2011"]
[Site "Rennes"]
[Date "2011.06.13"]
[Round "6.12"]
[White "Charpentier, Maxime"]
[Black "Perez, Javier"]
[Result "1-0"]
[WhiteElo "1824"]
[BlackElo "1870"]
[PlyCount "45"]

1. e4 c6 2. d4 d5 3. Nc3 e6 4. Nf3 Bb4 5. Bd2 Nd7 6. Bd3 Ngf6 7. Qe2 Bxc3 8.
bxc3 O-O 9. e5 Ne8 10. Bg5 Qc7 11. Be7 Qa5 12. Kd2 c5 13. Bxf8 Nxf8 14. Qe3 c4
15. Be2 b5 16. a3 f5 17. h4 Ng6 18. g3 Nc7 19. h5 Nh8 20. h6 g6 21. Qg5 Ne8 22.
Qe7 Bd7 23. Ng5 1-0